000 00621nam a22001817a 4500
008 220929b |||||||| |||| 00| 0 eng d
020 _a0830855438
050 _aBS680
_b.P43 2019
100 _aGladd, Benjamin L.
245 _aFrom Adam and Israel to the church:
_bA Biblical theology of the people of God/
_cBenjamin L. Gladd
260 _aDowners Grove, Illinois
_bIVP Academic
_c2019
300 _axiv, 182p.
650 _aPeople of God
_vBiblical teaching
650 _aJesus christ
_vPerson and offices
650 _aGod (christianity)
_vWorship and love
650 _aChurch
_vBiblical teaching
942 _2lcc
_cBK
999 _c19603
_d19602